20. századi énekeskönyvek

Podrobná bibliografia
Hlavný autor: Süll, Kinga (Autor)
Médium: Článok
Jazyk:maďarčina
Fyzický popis:Obr.
ISSN:1335-7298
Predmet:

MARC

LEADER 00000nab a2200000 ar4500
001 vtls009003450
003 SK-MaSNL
005 20260319071255.0
008 070201c2007 xo |||||||| 000 b|hun
015 |a SNBRB2007/05  |2 snkbucl 
038 |a SNKBUCL 
040 |a DSZK  |b slo  |c DSZK  |e AACR2 
041 0 |a hun 
044 |a xo  |c SK 
080 |a 284.2:245  |2 1997 
080 |a 245:284.2  |x (=511.141)  |x "19"  |2 1997 
100 1 |a Süll, Kinga  |4 aut  |9 303339 
245 1 0 |a 20. századi énekeskönyvek  |c Süll Kinga 
246 3 |a Huszadik századi énekeskönyvek 
300 |b Obr. 
610 2 7 |a Reformovaná kresťanská cirkev na Slovensku  |x liturgické spevníky, maďarské  |x dejiny  |y 20. stor.  |2 snkbucl  |9 1065793 
648 7 |a 20. stor.  |2 snkbucl  |9 275975 
650 0 7 |a liturgické spevníky  |2 snkbucl  |9 97920 
650 0 7 |a maďarské liturgické spevníky  |x dejiny  |y 20. stor.  |2 snkbucl  |9 1065794 
773 0 |t Kálvinista szemle  |g Évf. LXXVIII, sz. 3 (2007), o. 6  |x 1335-7298 
852 |a SNK  |b KIS3GCP 
852 |a DSZK  |b KIS3GCP 
958 |a HU 
958 |a NT 
999 |c 1751705  |d 1753635